000
00344nam a2200145Ia 4500
008
260624s2011 xx 000 0 und d
020
_a
9781437713978
041
_a
eng
082
_a
618.92
100
_a
Richard B
245
_a
Pediatric Clinical Skills
250
_a
4th ed
260
_b
Elsevier, Pub.2011
_c
2011
650
_a
Pediatrics
999
_c
1223018
_d
1223018